Converting your problems into money/ (Record no. 59632)

MARC details
000 -LEADER
fixed length control field 00565 a2200181 4500
008 - FIXED-LENGTH DATA ELEMENTS--GENERAL INFORMATION
fixed length control field 250225b ||||| |||| 00| 0 eng d
020 ## - INTERNATIONAL STANDARD BOOK NUMBER
International Standard Book Number 9789914494105
050 ## - LIBRARY OF CONGRESS CALL NUMBER
Classification number HD60
Item number .K53 2023
100 ## - MAIN ENTRY--PERSONAL NAME
Personal name Kibe, Martin
245 ## - TITLE STATEMENT
Title Converting your problems into money/
250 ## - EDITION STATEMENT
Edition statement 2023
260 ## - PUBLICATION, DISTRIBUTION, ETC. (IMPRINT)
Name of publisher, distributor, etc The power of determination publications
Date of publication, distribution, etc 2023
Place of publication, distribution, etc Nairobi, Kenya
300 ## - PHYSICAL DESCRIPTION
Extent x, 127p.:
Dimensions 19 cm.
650 ## - SUBJECT ADDED ENTRY--TOPICAL TERM
Topical term or geographic name as entry element Social problems
General subdivision Economic aspects.
650 ## - SUBJECT ADDED ENTRY--TOPICAL TERM
Topical term or geographic name as entry element Economics
General subdivision Sociological aspects.
650 ## - SUBJECT ADDED ENTRY--TOPICAL TERM
Topical term or geographic name as entry element Social problems
General subdivision Economic aspects.
942 ## - ADDED ENTRY ELEMENTS (KOHA)
Item type Book
Source of classification or shelving scheme Library of Congress Classification
Holdings
Withdrawn status Lost status Source of classification or shelving scheme Damaged status Not for loan Collection code Home library Current library Shelving location Date acquired Source of acquisition Cost, normal purchase price Full call number Barcode Date last seen Copy number Price effective from Koha item type
    Library of Congress Classification     Non-fiction Bishop Okullu Memorial Library (Limuru Campus) Bishop Okullu Memorial Library (Limuru Campus) General Circulation 25/02/2025 purchase 700.00 HD60 .K53 2023 072375 25/02/2025 2 25/02/2025 Book
    Library of Congress Classification     Non-fiction Nairobi Campus Nairobi Campus General Circulation 25/02/2025 purchase 700.00 HD60 .K53 2023 072376 25/02/2025 1 25/02/2025 Book
    Library of Congress Classification   Not For Loan Non-fiction Nakuru Campus Nakuru Campus Processing Center 25/02/2025 purchase 700.00 HD60 .K53 2023 072374 25/02/2025 1 25/02/2025 Book